[Event "Hessen-chC"]
[Site "Frankfurt"]
[Date "2018.05.11"]
[Round "4"]
[White "Kleingarn, Frederik"]
[Black "Wolff, Beate"]
[Result "0-1"]
[WhiteElo "1010"]
[BlackElo "1262"]
[PlyCount "74"]
[EventDate "2018.05.10"]
[EventType "swiss"]
[EventRounds "7"]
[EventCountry "GER"]
[SourceTitle "EXT 2019"]
[Source "ChessBase"]
[SourceDate "2018.10.10"]
[SourceVersion "1"]
[SourceVersionDate "2018.10.10"]
[SourceQuality "1"]

1. e4 c6 2. Nf3 d5 3. exd5 cxd5 4. d4 Nf6 5. Bf4 Bf5 6. Be2 Nc6 7. Bb5 a6 8. Ba4 b5 9. Bb3 e6 10. 0-0 Bd6 11. Bxd6 Qxd6 12. h3 0-0 13. Nc3 Rac8 14. Qd2 Ne4 15. Nxe4 Bxe4 16. c3 Bxf3 17. gxf3 Ne7 18. Qd3 Ng6 19. Bc2 f5 20. Qe3 Rce8 21. Kh1 Qf4 22. Qxf4 Nxf4 23. Kh2 Rf6 24. Rg1 Rg6 25. Rxg6 Nxg6 26. a4 Rb8 27. b4 Kf7 28. axb5 axb5 29. Ra5 Nf4 30. Kg3 Ne2+ 31. Kg2 Nxc3 32. Ra7+ Kf6 33. Kf1 Rc8 34. Rb7 Rc4 35. Bd3 Rxb4 36. Ke1 Rxd4 37. Bxb5 Rd1# 0-1

[Event "Bad Soden U10 op"]
[Site "Bad Soden"]
[Date "2017.10.03"]
[Round "8"]
[White "Burkart, Lloyd Shang"]
[Black "Kleingarn, Frederik"]
[Result "1-0"]
[WhiteElo "985"]
[BlackElo "942"]
[PlyCount "89"]
[EventDate "2017.09.30"]
[EventType "swiss"]
[EventRounds "9"]
[EventCountry "GER"]
[SourceTitle "EXT 2019"]
[Source "ChessBase"]
[SourceDate "2018.10.10"]
[SourceVersion "1"]
[SourceVersionDate "2018.10.10"]
[SourceQuality "1"]

1. d4 d5 2. c4 Nf6 3. cxd5 Nxd5 4. Nf3 Nc6 5. e4 Nf6 6. Nc3 Bg4 7. Be3 e5 8. dxe5 Qxd1+ 9. Rxd1 Nxe5 10. Nxe5 Bd6 11. Nf3 Bb4 12. Be2 Nxe4 13. Bd4 0-0 14. 0-0 Nd6 15. a3 Bxc3 16. Bxc3 Rfe8 17. Rfe1 Rad8 18. h3 Bf5 19. Nd4 Bg6 20. Bf3 c5 21. Nb3 Bc2 22. Rxe8+ Rxe8 23. Rxd6 Bxb3 24. Bxb7 h6 25. Bf3 Bc2 26. Ba5 Kh7 27. Rd5 c4 28. Rd4 Bb3 29. Be4+ g6 30. Bf3 Re5 31. Bc3 a5 32. Rf4 Re7 33. Bd5 Kg8 34. Re4 Rxe4 35. Bxe4 a4 36. Kf1 Kf8 37. Ke2 Ke7 38. Kf3 Ke6 39. Kf4 g5+ 40. Kg4 Bd1+ 41. Bf3 Bxf3+ 42. gxf3 f6 43. Kh5 Kf5 44. Kxh6 Ke6 45. Kg6 1-0

[Event "Bad Soden U10 op"]
[Site "Bad Soden"]
[Date "2017.10.02"]
[Round "7"]
[White "Kleingarn, Frederik"]
[Black "Von Beckh, Frieda"]
[Result "1-0"]
[WhiteElo "942"]
[BlackElo "1368"]
[PlyCount "51"]
[EventDate "2017.09.30"]
[EventType "swiss"]
[EventRounds "9"]
[EventCountry "GER"]
[SourceTitle "EXT 2019"]
[Source "ChessBase"]
[SourceDate "2018.10.10"]
[SourceVersion "1"]
[SourceVersionDate "2018.10.10"]
[SourceQuality "1"]

1. e4 d5 2. exd5 Nf6 3. Nf3 Nxd5 4. d4 Bg4 5. h3 Bf5 6. Bc4 e6 7. c3 Nc6 8. Nbd2 Qd7 9. Nb3 Bd6 10. Qe2 0-0-0 11. 0-0 h5 12. Bd2 f6 13. Nh4 g5 14. Nxf5 exf5 15. Bxd5 g4 16. Be6 gxh3 17. Bxd7+ Rxd7 18. gxh3 Rg7+ 19. Kh1 Rhg8 20. Rg1 Ne7 21. Rxg7 Rxg7 22. Rg1 Rf7 23. Qe6+ Kd8 24. Qxf7 Nd5 25. Rg8+ Bf8 26. Rxf8# 1-0